Statistics for 15 French City Names

Click here to take the quiz!

General Stats

  • This quiz has been taken 60 times
  • The average score is 11 of 15

Answer Stats

CityCountry% Correct
ParisParis
100%
AmsterdamAmsterdam
89%
MarseilleMarseille
89%
MadridMadrid
86%
MilanMilan
86%
PraguePrague
84%
BarcelonaBarcelone
77%
BratislavaBratislava
75%
LondonLondres
75%
LisbonLisbonne
70%
BrusselsBruxelles
67%
AthensAthènes
58%
MoscowMoscou
53%
DunkirkDunkerque
44%
WarsawVarsovie
44%

Score Distribution

Percentile by Number Answered

Percent of People with Each Score

Your Score History

You have not taken this quiz